Filozofia ako aplikovaná logika

Bibliographic Details
Main Author: Kamhal, Dezider, 1957- (Author)
Format: Article
Language:Slovak
ISSN:1336-5584
Subjects:

MARC

LEADER 00000nab a2200000 ar4500
001 vtls008426483
003 SK-MaSNL
005 20260303065937.0
008 060126c2005 xo mr|p|||||||000 b|slo
015 |a SNBRB2006/01  |2 snkbucl 
038 |a SNKBUCL 
040 |a SNKBUCL  |b slo  |c SNKBUCL  |e AACR2 
041 0 |a slo 
044 |a xo  |c SK 
080 |a 113/119  |x (048)  |2 1997 
080 |a 14  |x (410.1)  |x (048)  |2 1997 
080 |a 81:1  |x (048)  |2 1997 
100 1 |a Kamhal, Dezider,  |d 1957-  |4 aut  |9 85229 
245 1 0 |a Filozofia ako aplikovaná logika  |c Dezider Kamhal 
650 0 7 |a logický atomizmus  |x štúdie  |2 snkbucl  |9 1066681 
650 0 7 |a anglická filozofia   |2 snkbucl  |9 73228 
650 0 7 |a filozofia jazyka  |x štúdie  |2 snkbucl  |9 1059303 
655 7 |a recenzie  |2 snkbucl  |9 21907 
773 0 |t Knihy a spoločnosť  |g Roč. 2, č. 3 (2005), s. 6  |x 1336-5584 
787 0 8 |i Rec.:  |a Russell, Bertrand, 1872-1970  |t Filozofia logického atomizmu  |d Bratislava : Kalligram, 2004  |z 8071497088 
852 |a SNK  |b KIS3GCP 
958 |a RC 
999 |c 1753358  |d 1755288